000 00361 a2200169 4500
001 186448
020 _a85-7675-016-3
040 _cMagnum
100 _aAlbergaria, Lino de
240 1 0 _aÁlbum de família
_lpor
245 1 0 _aÁlbum de família
300 _a60
362 0 _a2005
440 1 _aSm
697 _aLITERATURA INFANTO-JUVENIL
942 _cBK
999 _c186448
_d186448